Fixed point theory for Lipschitzian-type mappings with applications (Record no. 11736)

000 -LEADER
fixed length control field 01298cam a22003617a 4500
001 - CONTROL NUMBER
control field 15718304
005 - DATE AND TIME OF LATEST TRANSACTION
control field 20170105102347.0
008 - FIXED-LENGTH DATA ELEMENTS--GENERAL INFORMATION
fixed length control field 090429s2008 ne 000 0 eng
010 ## - LIBRARY OF CONGRESS CONTROL NUMBER
LC control number 2009927662
015 ## - NATIONAL BIBLIOGRAPHY NUMBER
National bibliography number GBA890687
Source bnb
016 7# - NATIONAL BIBLIOGRAPHIC AGENCY CONTROL NUMBER
Record control number 014673974
Source Uk
020 ## - INTERNATIONAL STANDARD BOOK NUMBER
International Standard Book Number 9780387758176 (hbk.)
020 ## - INTERNATIONAL STANDARD BOOK NUMBER
International Standard Book Number 0387758178 (hbk.)
035 ## - SYSTEM CONTROL NUMBER
System control number (OCoLC)ocn227916894
040 ## - CATALOGING SOURCE
Original cataloging agency UKM
Transcribing agency UKM
Modifying agency BTCTA
-- YDXCP
-- BWX
-- CDX
-- C#P
-- DLC
042 ## - AUTHENTICATION CODE
Authentication code lccopycat
050 00 - LIBRARY OF CONGRESS CALL NUMBER
Classification number QA329.9
Item number .A36 2009
082 04 - DEWEY DECIMAL CLASSIFICATION NUMBER
Classification number 515.7248
Edition number 22
100 1# - MAIN ENTRY--PERSONAL NAME
Personal name Agarwal, Ravi P.
245 10 - TITLE STATEMENT
Title Fixed point theory for Lipschitzian-type mappings with applications
Statement of responsibility, etc. Ravi P. Agarwal, Donal O'Regan and D.R. Sahu.
260 ## - PUBLICATION, DISTRIBUTION, ETC.
Place of publication, distribution, etc. Dordrecht ;
-- New York :
Name of publisher, distributor, etc. Springer,
Date of publication, distribution, etc. c2009.
300 ## - PHYSICAL DESCRIPTION
Extent x, 368 p. ;
Dimensions 25 cm.
490 1# - SERIES STATEMENT
Series statement Topological fixed point theory and its applications ;
Volume/sequential designation v. 6
504 ## - BIBLIOGRAPHY, ETC. NOTE
Bibliography, etc. note Includes bibliographical references and index.
650 #0 - SUBJECT ADDED ENTRY--TOPICAL TERM
Topical term or geographic name entry element Fixed point theory.
700 1# - ADDED ENTRY--PERSONAL NAME
Personal name O'Regan, Donal.
700 1# - ADDED ENTRY--PERSONAL NAME
Personal name Sahu, D. R.
830 #0 - SERIES ADDED ENTRY--UNIFORM TITLE
Uniform title Topological fixed point theory and its applications ;
Volume/sequential designation v. 6.
906 ## - LOCAL DATA ELEMENT F, LDF (RLIN)
a 7
b cbc
c copycat
d 2
e ncip
f 20
g y-gencatlg
942 ## - ADDED ENTRY ELEMENTS (KOHA)
Source of classification or shelving scheme
Koha item type Book
Holdings
Withdrawn status Lost status Damaged status Not for loan Collection code Permanent Location Current Location Shelving location Date acquired Source of acquisition Cost, normal purchase price Total Checkouts Total Renewals Full call number Barcode Date last seen Date last checked out Price effective from Koha item type
          Central Library (CL) Central Library (CL) General Stacks 04/09/2013 Progressive International Agencies 8381.31 2 1 515.7248 AGA SEECS012217 02/22/2024 07/29/2021 04/16/2013 Book
© 2023 Central Library, National University of Sciences and Technology. All Rights Reserved.